000
00328nam a2200133Ia 4500
008
210210b1944 xxu||||| |||| 00| 0 eng d
041
_a
eng
082
_a
822/990
100
_a
QUILLER-COUCH (A)
245
_a
Cambridge lectures
260
_a
London
_b
J M Dent and Sons Ltd.
_c
1944
690
_a
English Prose
906
_a
013173
999
_c
132021
_d
132021